中国各类高校联盟 - Statistics

General Stats
  • This quiz has been taken 258 times
  • The average score is 34 of 53
Answer Stats
Answer % Correct
清华大学
98%
北京大学
98%
清华大学
98%
哈尔滨工业大学
95%
哈尔滨工业大学
95%
哈尔滨工业大学
95%
哈尔滨工业大学
95%
上海交通大学
93%
南京大学
93%
复旦大学
92%
西安交通大学
87%
浙江大学
84%
上海财经大学
82%
同济大学
78%
同济大学
78%
中国科学技术大学
77%
中央财经大学
76%
北京理工大学
74%
西北工业大学
73%
北京理工大学
73%
西北工业大学
73%
西南财经大学
67%
南京工学院(现东南大学)
66%
华中工学院(现华中科技大学)
66%
北京航空航天大学
66%
东南大学
65%
哈尔滨工程大学
65%
东南大学
65%
华南工学院(现华南理工大学)
60%
北京师范大学
60%
华南理工大学
59%
华南理工大学
59%
华东师范大学
58%
南京航空航天大学
57%
南京理工大学
53%
中南财经政法大学
52%
华中师范大学
48%
天津大学
46%
天津大学
46%
东北财经大学
45%
对外经济贸易大学
44%
湖南大学
43%
东北师范大学
43%
大连工学院(现大连理工大学)
42%
大连理工大学
41%
陕西师范大学
40%
重庆大学
39%
重庆大学
39%
西南大学
33%
吉林大学
32%
西安建筑科技大学
27%
燕山大学
22%
合肥工业大学
15%
No matching quizzes found
Score Distribution
Percent of People with Each Score
Percentile by Number Answered
Your Score History
You have not taken this quiz